Εμείς και ο κόσμος : μελέτη περιβάλλοντος : δεύτερη τάξη : βιβλίο για το δάσκαλο

Αποθηκεύτηκε σε:
Λεπτομέρειες βιβλιογραφικής εγγραφής
Άλλοι συγγραφείς: Γεωργοκώστας, Ιωάννης
Μορφή: Βιβλίο
Γλώσσα:Greek
Δημοσίευση: Αθήνα : Ο.Ε.Δ.Β., 1985
Έκδοση:4η έκδ.
Θέματα:
Ετικέτες: Προσθήκη ετικέτας
Δεν υπάρχουν, Καταχωρήστε ετικέτα πρώτοι!

MARC

LEADER 00000cam a2200000 i 4500
001 1/80849
008 970227s1985 gre d
035 |l 10033547 
040 |a GR-MY-UA  |b gre  |e aacr 
041 0 |a gre 
082 0 |a 372.357 
245 0 0 |a Εμείς και ο κόσμος :  |b μελέτη περιβάλλοντος : δεύτερη τάξη : βιβλίο για το δάσκαλο /  |c Γιάννης Γεωργοκώστας ... [κ.ά.] 
250 |a 4η έκδ. 
260 |a Αθήνα :   |b Ο.Ε.Δ.Β.,   |c 1985 
300 |a 313 σ. 
650 0 0 |a Nature study. 
650 0 0 |a Human ecology  |x Study and teaching (Elementary) 
650 0 0 |a Natural history  |x Study and teaching (Elementary) 
650 0 0 |a Science  |x Study and teaching (Elementary) 
700 1 |a Γεωργοκώστας, Ιωάννης. 
852 |a INST  |b RHODES  |e 19970227  |h 372.357 ΕΜΕ  |p 005400000857  |q 005400000857  |t BK  |y 0